|
|
|
|
| LEADER |
00000nam a22000007a 4500 |
| 005 |
20151019134212.0 |
| 007 |
cr|||| ||u| |
| 008 |
151019s2014 sp ||||| |||| 00||0 spa d |
| 020 |
|
|
|a 978-84-9085-176-0
|
| 035 |
|
|
|a 12864
|
| 040 |
|
|
|a vLex
|
| 090 |
|
|
|c 5609
|d 5609
|
| 100 |
1 |
|
|a Delgado Larios, Almudena
|
| 245 |
1 |
0 |
|a Conflictos y cicatrices: fronteras y migraciones en el mundo hispǹico
|h [Recurso electrn̤ico] /
|c Almudena Delgado Larios
|
| 256 |
|
|
|a Servicio en ln̕ea
|
| 260 |
|
|
|a Madrid
|b Dykinson
|c 2014
|
| 300 |
|
|
|a 1 recurso electrn̤ico
|
| 500 |
|
|
|a La obra recoge reflexiones y aproximaciones metodolg̤icas a esta problemt̀ica de los conflictos y sus cicatrices, en su relacin̤ con las fronteras y las migraciones, que han marcado la historia de Espaą y de Iberoamřica, de la Edad Media al siglo XXI, del Mediterrǹeo al Atlǹtico y el Pacifico Sus autores son especialistas que, bien desde la historia de las relaciones internacionales o de la historia polt̕ica, social, cultural, intelectual, o del derecho, analizan esas ln̕eas y frentes de conflicto, pero tambiň la huella de esas heridas y sus consecuencias en funcin̤ de dos ejes: - La construccin̤, destruccin̤ (no solo geopolt̕ica sino a travš de los intercambios, las circulaciones de personas, objetos e ideas), reconstruccin̤ de fronteras, sin olvidar sus diferentes representaciones. - Las migraciones, los exilios, los debates en torno a las identidades, memorias y representaciones.
|
| 506 |
1 |
|
|a Contenido solo disponible en los productos indicados
|d vLex Global
|d vLex Global (Academic Edition, excluding Law Schools)
|d vLex Global (U.S. Academic Edition, Law Schools)
|d vLex Global (U.S. Academic Edition, excluding Law Schools)
|d vLex Global (Academic Edition, Law Schools)
|
| 650 |
0 |
4 |
|a Fronteras
|z Espaą
|z Iberoamřica
|
| 740 |
0 |
|
|a vLex libros (servicio en ln̕ea)
|
| 856 |
4 |
0 |
|u http://vlex.com/source/conflictos-y-cicatrices-fronteras-y-migraciones-en-el-mundo-hispanico-12864
|z Acceso restringido
|
| 942 |
|
|
|c BOOK
|
| 999 |
0 |
|
|a Boundaries
|